[Event "GER-ch Seniors 18th"]
[Site "Dresden"]
[Date "2006.07.29"]
[Round "8"]
[White "Budt, Karl Heinz"]
[Black "Boell, Willi"]
[Result "1/2-1/2"]
[WhiteElo "1991"]
[BlackElo "1839"]
[PlyCount "120"]
[EventDate "2006.07.22"]
[EventType "swiss"]
[EventRounds "9"]
[EventCountry "GER"]
[SourceTitle "EXT 2022"]
[Source "ChessBase"]
[SourceDate "2021.10.06"]
[SourceVersion "1"]
[SourceVersionDate "2021.10.06"]
[SourceQuality "1"]

1. c4 Nf6 2. Nc3 c5 3. Nf3 Nc6 4. d4 cxd4 5. Nxd4 Nxd4 6. Qxd4 g6 7. e4 Bg7 8. Bg5 d6 9. Be2 b6 10. f3 h6 11. Be3 0-0 12. Qd2 Kh7 13. 0-0 Ba6 14. Rac1 Rc8 15. b3 Rc7 16. Rfd1 Rd7 17. Bf1 Qb8 18. g3 Rfd8 19. Bh3 e6 20. a4 Ne8 21. Bd4 Bxd4+ 22. Qxd4 Qc7 23. Kf2 Qc5 24. Qxc5 dxc5 25. Rxd7 Rxd7 26. Ke3 f5 27. e5 g5 28. f4 Kg6 29. Bg2 Bb7 30. Bxb7 Rxb7 31. Rd1 Kf7 32. Nb5 Ke7 33. fxg5 hxg5 34. h4 gxh4 35. gxh4 Ng7 36. Nd6 Rb8 37. Rg1 Nh5 38. Rg5 Rh8 39. Nc8+ Rxc8 40. Rxh5 Kf7 41. Rh7+ Kg6 42. Rxa7 Rh8 43. Re7 Rxh4 44. Rxe6+ Kg5 45. Rxb6 Re4+ 46. Kf3 Rxe5 47. Rb8 Re1 48. Rb5 Rc1 49. a5 Rc3+ 50. Ke2 Kg4 51. a6 Rc2+ 52. Kd3 Ra2 53. Rxc5 Rxa6 54. b4 Ra3+ 55. Kd4 f4 56. Rc8 f3 57. Rg8+ Kh3 58. Rf8 Kg2 59. b5 f2 60. Rxf2+ Kxf2 1/2-1/2

[Event "GER-ch Seniors 18th"]
[Site "Dresden"]
[Date "2006.07.22"]
[Round "1"]
[White "Boell, Willi"]
[Black "Skara, Milenko"]
[Result "1/2-1/2"]
[WhiteElo "1839"]
[BlackElo "1815"]
[PlyCount "75"]
[EventDate "2006.07.22"]
[EventType "swiss"]
[EventRounds "9"]
[EventCountry "GER"]
[SourceTitle "EXT 2022"]
[Source "ChessBase"]
[SourceDate "2021.10.06"]
[SourceVersion "1"]
[SourceVersionDate "2021.10.06"]
[SourceQuality "1"]

1. Nf3 Nf6 2. c4 g6 3. Nc3 Bg7 4. e4 d6 5. d4 0-0 6. Be2 e5 7. 0-0 Nc6 8. d5 Ne7 9. Ne1 Nd7 10. Be3 f5 11. f3 f4 12. Bf2 g5 13. a4 Ng6 14. Nb5 a6 15. Na7 Nf6 16. Nxc8 Qxc8 17. Rc1 Rf7 18. c5 Bf8 19. cxd6 Bxd6 20. Bc5 Qf8 21. Nd3 g4 22. Rc4 gxf3 23. Bxf3 Rg7 24. Bf2 b5 25. Rc6 Ne7 26. Nc5 Nxc6 27. Ne6 Qe8 28. Nxg7 Kxg7 29. dxc6 Qxc6 30. Bh4 Rf8 31. Bxf6+ Rxf6 32. axb5 axb5 33. Qb3 Qc4 34. Qxc4 bxc4 35. Rc1 Bc5+ 36. Kf1 Be3 37. Rxc4 c5 38. b4 1/2-1/2